La trienal consagró el arte de Domingo Ramos.
Kaydedildi:
| Materyal Türü: | Bilinmiyor |
|---|---|
| Dil: | Spanish |
| Konular: | |
| Etiketler: |
Etiketle
Etiket eklenmemiş, İlk siz ekleyin!
|
MARC
| LEADER | 000000000a22000000004500 | ||
|---|---|---|---|
| 001 | 007057 | ||
| 041 | 0 | |a spa | |
| 245 | 0 | 3 | |a La trienal consagró el arte de Domingo Ramos. |
| 650 | 4 | |a RAMOS, DOMINGO, 1949 | |
| 650 | 4 | |a ARTE | |
| 650 | 4 | |a ARTE COSTARRICENSE | |
| 650 | 4 | |a ESCULTORES COSTARRICENSES | |
| 773 | 0 | |x 1013-9060 |d San José, Costa Rica : Editorial de la Universidad Estatal a Distancia |t Revista Nacional de Cultura |g número 28 (1995), páginas 55-56 | |
| 942 | |c ARC | ||
| 999 | |c 13178 |d 13178 | ||
